000 00638nam a22001937a 4500
005 20251108173225.0
008 250721s2005 xx 000 0 ara d
082 1 4 _a658.403/نجم
100 1 _aنجم، نجم عبود
245 1 0 _aإدارة المعرفة: المفاهيم والإستراتيجيات والعمليات /
264 1 _aعمان :
_bمؤسسة الوراق للنشر والتوزيع،
_c2005.
300 _a522ص
650 1 7 _aالمعلومات
650 1 7 _aالمعرفة
650 1 7 _aإدارة بالمعلومات
650 1 7 _aالتزود بالمعرفة
942 _2ddc
_cBK
999 _c98946
_d98946